| 000 | 00751cam a2200289 4500 | ||
|---|---|---|---|
| 001 | ABS62163 | ||
| 008 | 000000n2000 000 0 eng u | ||
| 035 | _a(Sirsi) u105416 | ||
| 245 | _aRegional survey : Essex | ||
| 260 | _c2000 | ||
| 490 |
_aProperty Week _v65(14) 7 April 2000, 46-58(6) |
||
| 590 | _aABS | ||
| 650 | _aESSEX | ||
| 650 | _aDAGENHAM | ||
| 650 | _aBASILDON | ||
| 650 | _aFORD | ||
| 650 | _aINDUSTRIAL MARKET | ||
| 650 | _aCHELMSFORD | ||
| 650 | _aPLANNING ISSUES | ||
| 650 | _aSTANSTED AIRPORT | ||
| 650 | _aA13 | ||
| 650 | _aHARLOW | ||
| 650 | _aLAINDON | ||
| 650 | _aSAFFRON WALDON SECOND BENEFIT BUILDING SOCIETY V RAYNER | ||
| 690 | _aPROPERTY-COMMERCIAL PROPERTY-COMMERCIAL PROPERTY MARKET | ||
| 942 | _n0 | ||
| 999 |
_c63167 _d63167 |
||